000 00645nam a2200205 i 4500
001 52288
003 ES-MaACL
005 20260215142853.0
007 t|
008 030827s1974 sp ||||1| spa d
100 1 _aChauvet, M.
_938228
245 1 0 _aManual de viticultura /
_cM. Chauvet ; traducción y adaptación F. Gil-Albert Velarde, J. Iglesias González.
260 _aMadrid :
_bMundi-Prensa,
_c1974.
300 _a230 p. :
_bil. ;
_c22 cm.
650 4 _aViticultura.
_9136993
700 0 _aGil-Albert, Fernando
_956759
700 1 _aIglesias González, J.
_965118
852 _aES-MaACL
_jE-7720
_bR.91835
999 _c52288
_d52288